00325 2200133 4500001002100000005001500021035002000036245005800056100001800114300000800132260003100140082000800171990001200179INLIS00000000000213920250527113052 a0010-05250004311 aLogika Dasar Lokal Tradisional Sains /cRG. Soekadjio0 aRG. Soekadjio a212 aJakarta :bGramedia,c2006 a500 a0712689